000 00654cam a22002173a 4500
001 43925
003 PGUSA
005 20140828084012.0
008 131010s2013||||xxu|||||s|||||000 | eng d
040 _aPGUSA
_beng
042 _adc
100 1 _aAimard, Gustave,
_d1818-1883
245 1 4 _aThe Prairie Flower :
_bA Tale of the Indian Border
_h[electronic resource] /
_cGustave Aimard
260 _bProject Gutenberg,
_c2013
506 _aPublic domain in the USA.
516 _aElectronic text
700 1 _aWraxall, Lascelles,
_cSir,
_d1828-1865
830 0 _aProject Gutenberg
_v43925
856 4 0 _uhttp://www.gutenberg.org/ebooks/43925
942 _cEB
999 _c273176
_d273176